Commercial property litigation (Record no. 113147)
[ view plain ]
| 000 -LEADER | |
|---|---|
| fixed length control field | 00795cam a22002415a 4500 |
| 001 - CONTROL NUMBER | |
| control field | L154780 |
| 008 - FIXED-LENGTH DATA ELEMENTS--GENERAL INFORMATION | |
| fixed length control field | 120118s2011 xxk f 000 0 eng d |
| 020 ## - INTERNATIONAL STANDARD BOOK NUMBER | |
| International Standard Book Number | 9781846612572 |
| 035 ## - SYSTEM CONTROL NUMBER | |
| System control number | (Sirsi) u154780 |
| 041 0# - LANGUAGE CODE | |
| Language code of text/sound track or separate title | eng |
| 050 04 - LIBRARY OF CONGRESS CALL NUMBER | |
| Classification number | 346.41043 |
| 100 1# - MAIN ENTRY--PERSONAL NAME | |
| Personal name | Fieldsend, James |
| 245 00 - TITLE STATEMENT | |
| Title | Commercial property litigation |
| 260 ## - PUBLICATION, DISTRIBUTION, ETC. | |
| Place of publication, distribution, etc. | Bristol |
| Name of publisher, distributor, etc. | Jordan Publishing Ltd. |
| Date of publication, distribution, etc. | 2011 |
| 350 ## - PRICE (NR) (BK AM CF MU VM SE) [OBSOLETE] | |
| Price | 95 |
| 520 ## - SUMMARY, ETC. | |
| Summary, etc. | Discusses factors involved when advising landlords and tenants over matters that may result in property disputes. Commentary is supported by examples of precedents, forms of notice, claim forms and drafting proceedings. |
| 590 ## - LOCAL NOTE (RLIN) | |
| Local note | KA |
| 651 #4 - SUBJECT ADDED ENTRY--GEOGRAPHIC NAME | |
| Geographic name | England and Wales |
| Chronological subdivision | 1543- |
| 690 ## - LOCAL SUBJECT ADDED ENTRY--TOPICAL TERM (OCLC, RLIN) | |
| Topical term or geographic name as entry element | Commercial property |
| 9 (RLIN) | 6227 |
| 700 1# - ADDED ENTRY--PERSONAL NAME | |
| Personal name | McAndrews, P. |
| 942 ## - ADDED ENTRY ELEMENTS (KOHA) | |
| Suppress in OPAC | 0 |
| Withdrawn status | Lost status | Source of classification or shelving scheme | Damaged status | Not for loan | Home library | Current library | Shelving location | Date acquired | Total Checkouts | Full call number | Barcode | Date last seen | Copy number | Price effective from | Koha item type |
|---|---|---|---|---|---|---|---|---|---|---|---|---|---|---|---|
| Dewey Decimal Classification | London | London | Books | 18/01/2012 | 346.41043 FIE | 30079633 | 06/08/2019 | 1 | 06/08/2019 | Book |